01469nam a2200325 a 4500001001000000003000500010005001700015008004100032010001100073011001100084040000900095090001000104100004100114245013500155260004100290500006000331502011200391590004000503590004000543650006300583650006900646650004400715856007000759901000700829942001000836942000600846999001900852952013600871952013601007000111443CHAP20220329144211.0150413s2015 mx sm |||||||spa d a107905 a108877 cCHAP aTesis1 aReyes Rivera, Alejandro Eric912930810aPropuesta de mecanismo de carga y descarga en camiones con clasificación c2 y c3h[En línea]cpor Alejandro Eric Reyes Rivera. aChapingo, Méx. :bEl autor,c2015. aPara ver el contenido del material haga clic en la liga aTesis (Ing. Agr. Esp. en Mecánico Agrícola) -- UACH. Departamento de Ingeniería Mecánica Agrícola aE5765TAJb05c20150413lUCH01h1104 aE5765TAJb05c20150413lUCH01h110514aIngeniería hidráulicaxAparatos e instrumentos.95823614aIngeniería hidráulicaxSimulación por computadora.912557314aMaquinaria agrícolaxDiseño.971168 aFinding aiduhttp://10.13.5.2/tesis/sist111443.pdfzTeclea aquí aBK cTESIS n0 c107905d107905 00104054718TESISaBCbBCd2015-04-13fTESISl0oTesisp33724002481355r2019-12-31 00:00:00w2019-12-31yTESISzRecien adquirido 00104054718TESISaBCbBCd2015-04-13fTESISl0oTesisp33724002481397r2019-12-31 00:00:00w2019-12-31yTESISzRecien adquirido